[Event "BL2 West 1718 (Women)"]
[Site "Germany"]
[Date "2018.01.27"]
[Round "4.6"]
[White "Pump, Karen"]
[Black "Stoffers, Elsbeth"]
[Result "1/2-1/2"]
[WhiteElo "1835"]
[BlackElo "1376"]
[PlyCount "81"]
[EventDate "2017.10.14"]
[EventType "team-tourn"]
[EventRounds "7"]
[EventCountry "GER"]
[SourceTitle "EXT 2019"]
[Source "ChessBase"]
[SourceDate "2018.10.10"]
[SourceVersion "1"]
[SourceVersionDate "2018.10.10"]
[SourceQuality "1"]
[WhiteTeam "Hamburger SK (W) II"]
[BlackTeam "Steinfurt (W)"]
[WhiteTeamCountry "GER"]
[BlackTeamCountry "GER"]

1. e4 c6 2. d4 d5 3. exd5 cxd5 4. c4 Nf6 5. Nc3 e6 6. Nf3 dxc4 7. Bxc4 a6 8. 0-0 Be7 9. d5 b5 10. Bb3 exd5 11. Nxd5 0-0 12. Be3 Nbd7 13. Nxe7+ Qxe7 14. Re1 Qd8 15. Rc1 Bb7 16. Bf4 Rc8 17. Rxc8 Qxc8 18. Bd6 Re8 19. Ng5 Rxe1+ 20. Qxe1 Qc6 21. Bxf7+ Kh8 22. Nf3 Qxd6 23. Qe2 h6 24. h3 Bxf3 25. Qxf3 Ne5 26. Qa8+ Kh7 27. Bb3 Qc6 28. Qb8 Qc1+ 29. Kh2 Qf4+ 30. Kh1 Qc1+ 31. Kh2 Ng6 32. Qb6 Qxb2 33. Qxa6 Qe5+ 34. Kg1 Qe1+ 35. Kh2 Qxf2 36. Qxb5 Ne4 37. Qd3 Qf4+ 38. Kg1 Nc5 39. Qc2 Nxb3 40. Qxb3 Qc1+ 41. Kh2 1/2-1/2

[Event "Steinfurt Bezirksliga 1516"]
[Site "Germany"]
[Date "2016.04.30"]
[Round "8.5"]
[White "Stoffers, Elsbeth"]
[Black "Altenaehr, Johannes"]
[Result "1/2-1/2"]
[WhiteElo "1400"]
[BlackElo "1346"]
[PlyCount "74"]
[EventDate "2015.09.19"]
[EventType "team-tourn"]
[EventRounds "9"]
[EventCountry "GER"]
[SourceTitle "EXT 2017"]
[Source "ChessBase"]
[SourceDate "2016.10.25"]
[SourceVersion "1"]
[SourceVersionDate "2016.10.25"]
[SourceQuality "1"]
[WhiteTeam "Steinfurt III"]
[BlackTeam "Rheine CC"]
[WhiteTeamCountry "GER"]
[BlackTeamCountry "GER"]

1. d4 e5 2. dxe5 Nc6 3. Nf3 Qe7 4. Nc3 Nxe5 5. e4 Nxf3+ 6. Qxf3 c6 7. Be2 g6 8. 0-0 Bg7 9. Bd2 d6 10. Bd3 Nf6 11. h3 0-0 12. Bg5 h6 13. Bd2 Nd7 14. Qe2 Ne5 15. f4 Nxd3 16. cxd3 f5 17. Rae1 fxe4 18. dxe4 Qh4 19. Be3 Qe7 20. Bd2 Bd7 21. Qc4+ Be6 22. Qb4 b5 23. f5 Bc4 24. Rf3 a5 25. Qa3 b4 26. Qa4 Qa7+ 27. Kh1 Qc5 28. Be3 Bd4 29. Bxd4 Qxd4 30. Rd1 Qc5 31. Nb1 Be2 32. Qb3+ Kg7 33. f6+ Rxf6 34. Rxf6 Kxf6 35. Re1 Qf2 36. Rg1 Qd4 37. Qg3 Bb5 1/2-1/2

[Event "BL2 West 1516 (Women)"]
[Site "Germany"]
[Date "2015.12.05"]
[Round "3.6"]
[White "Stoffers, Elsbeth"]
[Black "Muedder, Melanie"]
[Result "1/2-1/2"]
[WhiteElo "1476"]
[BlackElo "1585"]
[PlyCount "129"]
[EventDate "2015.09.26"]
[EventType "team-tourn"]
[EventRounds "7"]
[EventCountry "GER"]
[SourceTitle "EXT 2017"]
[Source "ChessBase"]
[SourceDate "2016.10.25"]
[SourceVersion "1"]
[SourceVersionDate "2016.10.25"]
[SourceQuality "1"]
[WhiteTeam "Steinfurt (W)"]
[BlackTeam "Wattenscheid (W)"]
[WhiteTeamCountry "GER"]
[BlackTeamCountry "GER"]

1. d4 Nf6 2. c4 c5 3. d5 b5 4. cxb5 a6 5. e3 axb5 6. Be2 Ba6 7. Bf3 d6 8. Bd2 g6 9. Bc3 Nbd7 10. Nd2 Bg7 11. Ne4 0-0 12. Nxf6+ Nxf6 13. a3 Re8 14. Ne2 Bb7 15. Ng3 b4 16. axb4 Rxa1 17. Qxa1 Nxd5 18. Bxg7 Kxg7 19. Bxd5 Bxd5 20. e4 Bc6 21. bxc5 dxc5 22. b4+ Qd4 23. Qxd4+ cxd4 24. f3 Rb8 25. Kd2 Rxb4 26. Rc1 Bb5 27. Rc7 Rb2+ 28. Rc2 Rxc2+ 29. Kxc2 e5 30. Kd2 Kf6 31. Nh1 Kg5 32. Nf2 f5 33. exf5 gxf5 34. g3 Bf1 35. h4+ Kf6 36. g4 Bg2 37. Ke2 e4 38. fxe4 fxe4 39. g5+ Kf5 40. Ke1 e3 41. Nd3 Ke4 42. Nc5+ Kf3 43. h5 Kg4 44. g6 h6 45. Ne6 Bd5 46. Nxd4 Kxh5 47. Nf5 Bc4 48. Nxe3 Be6 49. g7 Kg6 50. Kf2 Kxg7 51. Kg3 Kg6 52. Ng2 Kg5 53. Nf4 Bf5 54. Nh3+ Kf6 55. Nf4 Kg5 56. Nh3+ Bxh3 57. Kxh3 h5 58. Kg3 h4+ 59. Kh3 Kh5 60. Kh2 Kg4 61. Kg2 h3+ 62. Kh2 Kh4 63. Kh1 Kg3 64. Kg1 h2+ 65. Kh1 1/2-1/2

[Event "Steinfurt Bezirksliga 1415"]
[Site "Germany"]
[Date "2014.11.29"]
[Round "4.4"]
[White "Richter, Michael4444"]
[Black "Stoffers, Elsbeth"]
[Result "1/2-1/2"]
[WhiteElo "1605"]
[BlackElo "1449"]
[PlyCount "35"]
[EventDate "2014.09.06"]
[EventType "team-tourn"]
[EventRounds "9"]
[EventCountry "GER"]
[SourceTitle "EXT 2016"]
[Source "ChessBase"]
[SourceDate "2015.10.08"]
[SourceVersion "1"]
[SourceVersionDate "2015.10.08"]
[SourceQuality "1"]
[WhiteTeam "Reckenfeld"]
[BlackTeam "Steinfurt III"]
[WhiteTeamCountry "GER"]
[BlackTeamCountry "GER"]

1. Nf3 d5 2. d4 Nf6 3. g3 e6 4. Bg2 Nbd7 5. 0-0 Be7 6. c4 dxc4 7. Qa4 c6 8. Qxc4 Nb6 9. Qc2 0-0 10. Re1 Nbd5 11. Bd2 Qb6 12. a3 Nd7 13. e4 N5f6 14. Nc3 c5 15. Na4 Qb5 16. Nc3 Qb6 17. Na4 Qb5 18. Nc3 1/2-1/2

[Event "BL2 West 1314 (Women)"]
[Site "Germany"]
[Date "2014.02.15"]
[Round "4.5"]
[White "Stoffers, Elsbeth"]
[Black "Buechle, Regina"]
[Result "0-1"]
[WhiteElo "1418"]
[BlackElo "1974"]
[PlyCount "104"]
[EventDate "2013.11.30"]
[EventType "team-tourn"]
[EventRounds "7"]
[EventCountry "GER"]
[SourceTitle "EXT 2018"]
[Source "ChessBase"]
[SourceDate "2017.10.13"]
[SourceVersion "1"]
[SourceVersionDate "2017.10.13"]
[SourceQuality "1"]
[WhiteTeam "Steinfurt (W)"]
[BlackTeam "Wattenscheid (W)"]
[WhiteTeamCountry "GER"]
[BlackTeamCountry "GER"]

1. d4 d5 2. c4 c6 3. Nc3 Nf6 4. cxd5 cxd5 5. e3 a6 6. Nf3 Bg4 7. Be2 e6 8. a3 Nc6 9. h3 Bh5 10. 0-0 Bd6 11. b4 0-0 12. Bb2 Re8 13. Rc1 Rc8 14. Re1 Bb8 15. Na4 Ne4 16. Ne5 Bxe2 17. Qxe2 Qd6 18. f4 Nxe5 19. dxe5 Qe7 20. Nb6 Rc7 21. Rxc7 Bxc7 22. Na4 b5 23. Nc3 Ng3 24. Qf3 Nf5 25. Ne2 Bb6 26. Bd4 Qa7 27. Qf2 Rc8 28. Bxb6 Qxb6 29. Rc1 Rxc1+ 30. Nxc1 Qxe3 31. Qxe3 Nxe3 32. Nb3 Nc4 33. Nc5 Nxa3 34. Nxa6 Nc2 35. Kf2 Kf8 36. Nc7 Nxb4 37. Nxb5 Ke7 38. Ke3 Nc6 39. g4 h6 40. h4 g6 41. h5 gxh5 42. gxh5 f6 43. exf6+ Kxf6 44. Nd6 Ne7 45. Ne8+ Kf5 46. Ng7+ Kg4 47. Nxe6 Nf5+ 48. Kd3 Kxh5 49. Nd4 Kg4 50. Nxf5 Kxf5 51. Kd4 h5 52. Ke3 h4 0-1

[Event "Steinfurt Bezirksklasse 1213"]
[Site "Germany"]
[Date "2012.12.01"]
[Round "3.6"]
[White "Wissing, Philipp"]
[Black "Stoffers, Elsbeth"]
[Result "0-1"]
[WhiteElo "1191"]
[BlackElo "1410"]
[PlyCount "36"]
[EventDate "2012.09.29"]
[EventType "team-tourn"]
[EventRounds "9"]
[EventCountry "GER"]
[SourceTitle "EXT 2015"]
[Source "ChessBase"]
[SourceDate "2014.11.20"]
[SourceVersion "1"]
[SourceVersionDate "2014.11.20"]
[SourceQuality "1"]
[WhiteTeam "Emsdetten Turm IV"]
[BlackTeam "Steinfurt III"]
[WhiteTeamCountry "GER"]
[BlackTeamCountry "GER"]

1. e4 c6 2. d4 d5 3. Nc3 dxe4 4. Nxe4 Nd7 5. Bc4 Ngf6 6. f3 e6 7. Ne2 Nxe4 8. fxe4 c5 9. d5 exd5 10. Bxd5 Be7 11. 0-0 0-0 12. Bf4 Nb6 13. c4 Nxd5 14. exd5 Bg4 15. h3 Bxe2 16. Qxe2 Bf6 17. Rab1 Re8 18. Qf2 Bd4 0-1

[Event "BL2 West 1213 (Women)"]
[Site "Germany"]
[Date "2012.10.07"]
[Round "2.5"]
[White "Sherif, Amina"]
[Black "Stoffers, Elsbeth"]
[Result "1-0"]
[WhiteElo "1565"]
[BlackElo "1344"]
[PlyCount "47"]
[EventDate "2012.10.06"]
[EventType "team-tourn"]
[EventRounds "7"]
[EventCountry "GER"]
[SourceTitle "EXT 2018"]
[Source "ChessBase"]
[SourceDate "2017.10.13"]
[SourceVersion "1"]
[SourceVersionDate "2017.10.13"]
[SourceQuality "1"]
[WhiteTeam "Krefeld Turm (W)"]
[BlackTeam "Steinfurt (W)"]
[WhiteTeamCountry "GER"]
[BlackTeamCountry "GER"]

1. e4 c5 2. Nc3 Nc6 3. f4 e6 4. Nf3 d6 5. Bb5 Bd7 6. Bxc6 Bxc6 7. d3 Be7 8. 0-0 Nf6 9. Qe1 Qb6 10. Kh1 g6 11. Rb1 Nd7 12. Bd2 Bf6 13. a3 Qc7 14. h3 Bg7 15. Qh4 Qd8 16. Qg3 Nf6 17. f5 Nh5 18. Qg4 exf5 19. exf5 0-0 20. fxg6 fxg6 21. Ng5 Rxf1+ 22. Rxf1 Bd7 23. Qc4+ d5 24. Qxd5+ 1-0

[Event "Steinfurt Bezirksklasse 1112"]
[Site "Germany"]
[Date "2011.10.15"]
[Round "2.2"]
[White "Loges, Wilhelm"]
[Black "Stoffers, Elsbeth"]
[Result "1/2-1/2"]
[WhiteElo "1700"]
[BlackElo "1338"]
[PlyCount "49"]
[EventDate "2011.09.24"]
[EventType "team-tourn"]
[EventRounds "9"]
[EventCountry "GER"]
[SourceTitle "EXT 2013"]
[Source "ChessBase"]
[SourceDate "2012.11.22"]
[SourceVersion "1"]
[SourceVersionDate "2012.11.22"]
[SourceQuality "1"]
[WhiteTeam "Emsdetten Turm III"]
[BlackTeam "Steinfurt IV"]
[WhiteTeamCountry "GER"]
[BlackTeamCountry "GER"]

1. e4 c5 2. Nf3 Nc6 3. Nc3 d6 4. d4 cxd4 5. Nxd4 Nf6 6. g3 e6 7. Bg2 Nxd4 8. Qxd4 Be7 9. 0-0 e5 10. Qd3 Bd7 11. Bg5 Bc6 12. Rad1 Qb6 13. b3 Rd8 14. Be3 Qa5 15. h3 a6 16. a4 Qc7 17. b4 a5 18. b5 Bd7 19. b6 Qc8 20. Nb5 Bxh3 21. Nc7+ Kf8 22. f3 Bxg2 23. Kxg2 Qd7 24. Ra1 h5 25. Qb5 1/2-1/2